Escuela abierta 3: matemática

Gespeichert in:
Bibliographische Detailangaben
1. Verfasser: De Bortoli, Graciela N de Autora
Weitere Verfasser: De Martino, Elsa Autora González, Raquel C de Legris, Celia G de.Autora Roza, Edgardo M de la Autor Salnitri, Ubaldo.Autor
Format: keine Angabe
Sprache:Spanisch
Erschienen: Argentina kapeluz 1978
Ausgabe:1a.ed
Katalog:MANES:  Suchergebnis im Bibliothekskatalog
Schulbuchspezifische Eigenschaften:
Tags: Tag hinzufügen
Keine Tags, Fügen Sie den ersten Tag hinzu!
Hinzugefügt zu:26.04.2016
Geändert in:07.05.2025

MARC

LEADER 000000000a22000000004500
001 39700
005 20250507125832.0
008 160427s ag ||||| |||| 00| 0 spa d
040 |a MANES  |c manes 
100 1 |a De Bortoli, Graciela N  |b de  |b Autora  |9 45262 
245 0 0 |a Escuela abierta 3: matemática 
250 |a 1a.ed 
260 |a Argentina  |b kapeluz  |c 1978 
300 |a 163 p.  |c 24x18 cm 
500 |a Signatura topográfica: HTA 1978 ESCk 1 
546 |a Argentina 
561 |5 ar-DOCE  |a Argentina. Biblioteca del Docente  |k MANES 
691 0 |a PRI 
700 1 |a De Martino, Elsa  |b Autora  |9 45087  |a González, Raquel C  |b de  |a Legris, Celia G  |b de.Autora  |a Roza, Edgardo M  |b de la  |b Autor  |a Salnitri, Ubaldo.Autor 
942 |2 ddc  |c BK 
999 |c 44017  |d 44017 
999 |c manes:44017  |d 44017